| 000 | 00702nam a2200217 a 4500 | ||
|---|---|---|---|
| 001 | 000005043 | ||
| 005 | 20240412074203.0 | ||
| 008 | 090706s2005 dr 000 f spa d | ||
| 020 | _z999347505X | ||
| 040 |
_aDO-SdBNP _bspa _cBNPHU |
||
| 082 |
_aRD863.44 _bG216r |
||
| 100 | 1 |
_aGarcía Romero, Rafael, _d1957- _91671 |
|
| 245 | 1 | 0 |
_aRuinas / _cRafael García Romero. |
| 260 |
_aSanto Domingo : _bEdiciones CEDIBIL, _c2005. |
||
| 300 |
_a57p. ; _c22 cm. |
||
| 500 | _aIncluye datos biográficos del autor en la solapa de la cubierta | ||
| 590 | _aInventariado, 2020/BT | ||
| 650 | 0 |
_aCuentos dominicanos _9176 |
|
| 650 | 0 |
_aLiteratura dominicana. _967 |
|
| 910 | _aValidado. Control de calidad. MMOLINA | ||
| 999 |
_c4848 _d4848 |
||